15 principales países con muertes de Covid-19 - 7 agosto - Estadísticas

Estadísticas generales
  • Esta prueba ha sido intentada 9 veces
  • La puntuación promedio es 15 de 20
Estadísticas de respuestas
país % Correcto
España
100%
Estados Unidos
100%
Italia
100%
México
100%
Rusia
100%
Brasil
86%
Chile
86%
India
86%
Perú
86%
Ecuador
71%
Francia
71%
Irán
71%
Reino Unido
71%
Sudáfrica
71%
Suecia
71%
Bélgica
57%
Colombia
57%
Irlanda
57%
Países Bajos
57%
Panamá
29%
No se encontraron pruebas coincidentes
Distribución de puntuación
Porcentaje de gente con cada puntuación
Porcentaje por número respondido
Historial de tus puntuaciones
No has intentado esta prueba.